The limits of Trust. (Record no. 8236)

MARC details
000 -LEADER
fixed length control field 00470nam a22001937a 4500
003 - CONTROL NUMBER IDENTIFIER
control field OSt
005 - DATE AND TIME OF LATEST TRANSACTION
control field 20231031084809.0
008 - FIXED-LENGTH DATA ELEMENTS--GENERAL INFORMATION
fixed length control field 231031b |||||||| |||| 00| 0 eng d
020 ## - INTERNATIONAL STANDARD BOOK NUMBER
International Standard Book Number 9041106359
040 ## - CATALOGING SOURCE
Transcribing agency DDC
082 ## - DEWEY DECIMAL CLASSIFICATION NUMBER
Classification number 652.8BAR 1998.
100 ## - MAIN ENTRY--PERSONAL NAME
Personal name baker,A.Steward;
9 (RLIN) 16829
245 ## - TITLE STATEMENT
Title The limits of Trust.
260 ## - PUBLICATION, DISTRIBUTION, ETC. (IMPRINT)
Place of publication, distribution, etc. Boston,
Name of publisher, distributor, etc. Kluwer Law;
Date of publication, distribution, etc. 1998.
300 ## - PHYSICAL DESCRIPTION
Extent xviii,617p;
Other physical details ill,
Dimensions 24cm.
504 ## - BIBLIOGRAPHY, ETC. NOTE
Bibliography, etc index.
650 ## - SUBJECT ADDED ENTRY--TOPICAL TERM
Source of heading or term economics.
942 ## - ADDED ENTRY ELEMENTS (KOHA)
Source of classification or shelving scheme Dewey Decimal Classification
Koha item type Open Shelf
Holdings
Withdrawn status Lost status Source of classification or shelving scheme Damaged status Not for loan Home library Current library Date acquired Inventory number Total Checkouts Full call number Barcode Date last seen Price effective from Koha item type
    Dewey Decimal Classification     MUST Main Library MUST Main Library 31/10/2023 14/38764   652.8BAR 1998. 2023-0703 31/10/2023 31/10/2023 Open Shelf